La mujer imaginaria
Gorde:
| Egile nagusia: | |
|---|---|
| Formatua: | Liburua |
| Hizkuntza: | gaztelania |
| Argitaratua: |
Barcelona
Plaza & Janés
1985
|
| Gaiak: | |
| Etiketak: |
Etiketa erantsi
Etiketarik gabe, Izan zaitez lehena erregistro honi etiketa jartzen!
|
MARC
| LEADER | 00000nam a2200000 a 4500 | ||
|---|---|---|---|
| 001 | UCQ2296 | ||
| 003 | CL-VaPUC | ||
| 008 | 980724e19850000SP |||||||||||||||||spa|d | ||
| 082 | 0 | 4 | |a Ch863 |b EDW |2 21 |
| 100 | 0 | |a Edwards, Jorge |e author |9 371556 | |
| 245 | 1 | 3 | |a La mujer imaginaria |
| 300 | |a 272 p | ||
| 942 | |c BK | ||
| 945 | |d 19980724 00:00:00 |a lriquelm | ||
| 260 | |a Barcelona |b Plaza & Janés |c 1985 | ||
| 650 | 0 | |a Novelas chilenas |9 265425 | |
| 650 | 0 | |a Literatura chilena |9 308278 | |
| 583 | |a last modification |c 19980724 00:00:00 |k Rodrigo Vera | ||
| 999 | |c 273130 |d 273128 | ||
| 952 | |0 0 |1 0 |4 0 |6 CH_863_000000000000000_EDW_1985 |7 0 |8 A |9 308468 |a BIBEDU |b BIBEDU |d 2019-11-20 |i 1444735 |o Ch863 EDW 1985 |p 1444735 |r 2019-11-20 |w 2019-11-20 |y BK |k LIT | ||
| 952 | |0 0 |1 0 |4 0 |6 CH_863_000000000000000_EDW_1985 |7 0 |8 A |9 308469 |a BIBEDU |b BIBEDU |d 2019-11-20 |i 3712281 |l 1 |o Ch863 EDW 1985 |p 3712281 |r 2023-10-04 |s 2023-09-27 |w 2019-11-20 |y BK |k LIT | ||